Chemisorption: An Experimental Approach

Bibliographic Details
Main Authors: Wedler, Gerd, Klemperer, Derek.
Format: Section = Libro
Language:Undetermined
Spanish
Published: London Butterworths 1970
Subjects:
LEADER 00511nam a2200205Ia 4500
008 240830s9999 xx 000 0 und d
020 |a 0-408-10611-5 
040 |a CEDOC FIQ-RUSB / 539 W393 
041 |a spa 
082 |a 539 W393 
100 1 |a Wedler, Gerd 
100 1 |b Klemperer, Derek. 
245 1 0 |a Chemisorption: An Experimental Approach 
260 |a London  |b Butterworths  |c 1970 
300 |a 250 p.: il. 
650 7 |a FISICOQUIMICA 
650 7 |b  ADSORCION 
942 |c BK  |2 ddc 
991 |a TEXTO 
999 |c 13349